[Event "3rd GRENKE Chess Open 2018"]
[Site "Karlsruhe"]
[Date "2018.04.02"]
[Round "9"]
[White "Runic, Zoran"]
[Black "Kollars, Dmitrij"]
[Result "1-0"]
[WhiteElo "2407"]
[BlackElo "2534"]
[Annotator "TA"]
[PlyCount "110"]
[EventDate "2018.??.??"]
[EventType "swiss"]
[EventCountry "GER"]
[SourceTitle "playchess.com"]
[Source "ChessBase"]
[SourceQuality "1"]

{[%evp 17,110,33,38,12,25,25,22,-5,0,0,0,-24,0,0,7,-41,0,-19,0,0,4,0,22,16,24,22,37,31,47,54,57,29,51,-7,62,14,16,8,40,0,-13,-33,0,0,0,-52,54,37,44,10,19,8,47,33,28,35,40,33,62,56,66,53,171,8,11,0,0,-183,-172,-168,-181,-176,-166,-163,-170,-141,-152,-191,-183,-140,-90,-133,0,0,299,80,106,-268,-260,-246,-236,-206,-8,-8497,-7984]} 1. e4 e5 2. Nf3 Nc6 3. Bb5 a6 4. Ba4 g6 5. c3 d6 6. d4 Bd7 7. d5 {C76: Ruy Lopez: Deferred Steinitz: 5 c3 Bd7 6 d4 g6} (7. O-O Bg7 8. Be3 Nf6 9. Nbd2 Ng4 10. Bg5 f6 11. Bh4 Qe7 12. b4 h5 13. Bg3 O-O 14. Re1 Nh6 15. Nf1 g5 16. Bb3+ Kh7 17. dxe5 Nxe5 18. Bxe5 fxe5 {½-½ (61) Yu,Y (2751)-Mamedyarov,S (2799) Huaian 2017}) 7... Nce7 8. c4 Bg7 9. Nc3 h6 {LiveBook: 4 Games} 10. Nd2 (10. Bc2 {with more complications.} f5 11. exf5 gxf5 12. Nh4 Nf6 13. O-O) 10... f5 11. Bxd7+ $146 ({Predecessor:} 11. exf5 gxf5 12. Qh5+ Kf8 13. Bb3 Nf6 14. Qe2 b5 {0-1 (33) Venkatesh,M (2426)-Malaniuk,V (2563) La Fere 2009}) 11... Qxd7 12. f3 Nf6 13. Qe2 O-O 14. Nb3 fxe4 15. fxe4 Nh5 16. g3 Qh3 {Strongly threatening ...Nxg3!} (16... b5 $5) 17. Rg1 c6 18. Be3 cxd5 19. cxd5 Rac8 20. O-O-O b5 21. Kb1 Nf6 22. Bd2 Ng4 23. Rg2 Rc7 24. Na5 Nc8 25. Rf1 (25. Rdg1 $14) 25... Bf6 (25... Rxf1+ $11 26. Qxf1 Nb6) 26. a3 Rcf7 27. Nc6 Nb6 28. b3 (28. Bc1 $14) 28... Nd7 $11 29. Ka2 Bd8 30. Rxf7 Kxf7 31. a4 (31. Nxd8+ $11 Rxd8 32. a4) 31... bxa4 (31... Bb6 $1 $15) 32. Nxa4 ({Don't play} 32. bxa4 Bb6 $15) 32... Kg7 33. Bb4 Bc7 {[%cal Bd8c7,Bc7b8,Bb8a7,Ba7c5][%mdl 32] White should prevent ...Qxg2!} 34. Nb2 $36 {[%mdl 2048] White has good play.} Rf6 35. Nc4 Nb6 36. N6a5 Nxc4 37. Nxc4 Bb8 38. Qc2 h5 39. Ka3 Kh6 ({Better is} 39... Kh7 $14) 40. Bd2+ $2 (40. Qc1+ $1 $18 g5 41. Ra2) 40... Kg7 41. Bg5 Rf7 42. Qe2 $2 (42. b4 $11) 42... Ba7 $19 43. Qc2 Bc5+ 44. b4 Bf2 45. Nxd6 Qxg2 46. Nxf7 Qf3+ 47. Ka4 {Hoping for Nd8.} Qxf7 48. h3 Nh6 ({Reject} 48... Bxg3 $6 49. hxg4 Bf4 50. Bxf4 $11) 49. Qc3 Qd7+ ({Black should play} 49... Kh7 $1 $17 {...Bd4 is the strong threat.} 50. Qxe5 Qd7+ 51. Kb3 Nf7) 50. Qc6 $11 Qxc6+ $4 {[%mdl 8192]} (50... Qf7 $11 {and Black has nothing to worry.}) 51. dxc6 $18 Bb6 52. Be3 $2 {[%mdl 8192] [#]} (52. b5 $1 $16 {[%cal Rb5a6]} Nf7 53. Be7 axb5+ 54. Kxb5) 52... Bc7 $1 $19 53. b5 axb5+ 54. Kxb5 {[#]} Nf7 $2 ({Black should try} 54... Ng8 $1 $19 {aiming for ...Nf6.} 55. Bb6 Bxb6 56. Kxb6 Kf6) 55. Bb6 $2 {[%mdl 8192]} (55. Kc4 $11) 55... Nd6+ {[%mdl 32768] Precision: White = 32%, Black = 41%. . Loss on Time!?} 1-0

[Event "3rd GRENKE Chess Open 2018"]
[Site "Karlsruhe"]
[Date "2018.04.02"]
[Round "9"]
[White "Burri, Quentin"]
[Black "Mikhalevski, Victor"]
[Result "0-1"]
[WhiteElo "2405"]
[BlackElo "2557"]
[Annotator "TA"]
[PlyCount "52"]
[EventDate "2018.??.??"]
[EventType "swiss"]
[EventCountry "GER"]
[SourceTitle "playchess.com"]
[Source "ChessBase"]
[SourceQuality "1"]

{[%evp 24,52,13,2,9,0,10,-43,30,-19,-16,-71,-75,-67,-67,-81,-56,-106,-103,-141,-121,-166,-163,-756,-754,-920,-904,-999,-995,-959,-949]} 1. e4 e5 2. Nf3 Nc6 3. Bb5 g6 4. d4 exd4 5. Bg5 Be7 6. Bxe7 Qxe7 7. Bxc6 dxc6 8. Qxd4 Nf6 9. Nc3 Bg4 {C60: Ruy Lopez: Unusual Black 3rd moves and 3...g6} 10. Nd2 c5 11. Qe3 O-O-O 12. f3 Be6 13. O-O-O {LiveBook: 6 Games} b6 14. g4 Nd7 {[#]} 15. Rhe1 $146 (15. Qe2 $11 Ne5 16. f4 (16. Qa6+ Kb8 $15) 16... Bxg4 17. Qa6+ Kb8 18. fxe5) ({Predecessor:} 15. h3 Ne5 16. f4 Nc6 17. Nf3 {0-1 (34) Guseinov,G (2645)-Carlsen,M (2832) chess.com INT 2017}) 15... Qh4 (15... Nb8 $15) 16. Rh1 (16. h3 $5) 16... f6 17. Qf4 (17. h3 $11) 17... h5 $17 18. h3 g5 $36 {[%mdl 2048] Black fights for an advantage.} 19. Qe3 Ne5 {[%cal Rh5g4]} 20. Qe2 Qg3 21. Kb1 Kb7 {[%cal Rh5g4]} 22. Qf1 Qf4 23. Qf2 $2 {[#]} (23. Qe1) 23... hxg4 $19 {[%cal Bh5g4,Bg4g3][%mdl 32] Black is clearly winning.} 24. Ne2 Rxd2 25. Nxf4 Rxf2 26. Nxe6 g3 {Precision: White = 16%, Black = 64%.} 0-1

[Event "3rd GRENKE Chess Open 2018"]
[Site "Karlsruhe"]
[Date "2018.04.02"]
[Round "9"]
[White "Winterberg, Lukas"]
[Black "Danin, Alexandre"]
[Result "0-1"]
[WhiteElo "2388"]
[BlackElo "2540"]
[Annotator "TA"]
[PlyCount "67"]
[EventDate "2018.??.??"]
[EventType "swiss"]
[EventCountry "GER"]
[SourceTitle "playchess.com"]
[Source "ChessBase"]
[SourceQuality "1"]

{[%evp 31,67,0,2,0,0,-104,0,0,0,0,0,0,0,0,33,3,4,-104,-109,-155,-155,-155,-151,-145,-144,-143,-152,-139,-147,-245,-241,-280,-280,-275,-269,-294,-276,-908]} 1. d4 Nf6 2. c4 g6 3. Nf3 Bg7 4. Nc3 d5 5. Bf4 O-O 6. Rc1 dxc4 7. e3 Be6 8. Ng5 Bd5 9. e4 h6 10. exd5 hxg5 11. Bxg5 Nxd5 12. Bxc4 Nb6 13. Bb3 Nc6 14. Ne2 a5 {D92: Grünfeld: 4 Nf3 Bg7 5 Bf4} 15. a4 Nxd4 (15... Rc8 16. O-O Nxd4 17. Nxd4 Qxd4 18. Bxe7 Rfe8 19. Bc5 Qxd1 20. Rfxd1 Bxb2 21. Rc2 Bf6 22. g3 {½-½ (30) Prohaszka,P (2607)-Ragger,M (2688) Austria 2016}) 16. Nxd4 Bxd4 {LiveBook: 3 Games. The position is equal.} 17. h4 Qd6 (17... Bxb2 18. Qc2 $16) 18. Qf3 $146 {[#]} (18. Kf1 $11) ({Find the theoretical novelty and annotate with similar games:} 18. Kf1 Bf6 19. Qc2 Kg7 20. Rd1 Qc6 21. Qxc6 {½-½ (21) Cottegnie,F (2366)-Norchenko,K (2353) ICCF email 2016}) 18... Rad8 (18... Nxa4 $1 $17 {[%mdl 512]} 19. O-O (19. Bxa4 Qb4+) 19... Nxb2) 19. Kf1 Bf6 $1 ({Of course not} 19... Bxb2 $6 20. Rd1 $16) 20. Rh3 c6 21. Bh6 {Threatens to win with h5.} Bg7 22. Bf4 Qd7 23. h5 {hxg6 is the strong threat.} Nd5 $1 $36 {[%mdl 2048] Black is more active.} 24. g4 {[#]} (24. Bd2 $11 {remains equal.}) 24... gxh5 $1 $17 {[%cal Bg6h5,Bh5h4][%mdl 32]} 25. Rg3 h4 26. Rh3 Nxf4 27. Qxf4 Qd2 28. Rc4 Qxf4 29. Rxf4 Rd4 30. Rf5 (30. Rxd4 $17 Bxd4 31. Rxh4) 30... Rxg4 $19 31. Rxa5 Rd8 {Black has a decisive advantage.} 32. Rh5 Bf6 {And now ...Rd2 would win.} ({Resist} 32... Bxb2 33. R5xh4 Rxh4 34. Rxh4 $19) 33. Ke2 Rb4 34. Rh1 $2 {Precision: White = 36%, Black = 86%.} (34. Rc5) 0-1

[Event "3rd GRENKE Chess Open 2018"]
[Site "Karlsruhe"]
[Date "2018.04.02"]
[Round "9"]
[White "Parvanyan, Ashot"]
[Black "Schlosser, Philipp"]
[Result "1/2-1/2"]
[WhiteElo "2383"]
[BlackElo "2510"]
[Annotator "TA"]
[PlyCount "59"]
[EventDate "2018.??.??"]
[EventType "swiss"]
[EventCountry "GER"]
[SourceTitle "playchess.com"]
[Source "ChessBase"]
[SourceQuality "1"]

{[%evp 16,59,25,17,17,4,4,5,6,5,2,2,7,0,0,0,0,4,10,0,0,0,0,0,8,0,0,0,0,0,0,0,0,0,0,0,0,0,0,0,9,0,0,0,0,-56]} 1. Nf3 c5 2. c4 Nc6 3. d4 cxd4 4. Nxd4 Nf6 5. Nc3 e6 6. Bg5 Be7 7. e3 O-O 8. Be2 {A33: Symmetrical English: 2 Nf3 Nf6 3 d4 cxd4 4 Nxd4 e6 5 Nc3 Nc6} Qa5 (8... h6 9. Bh4 d5 10. cxd5 exd5 11. O-O Be6 12. Rc1 Qd7 13. Nxe6 fxe6 14. Bd3 Rad8 15. Bb1 Qe8 {1-0 (40) Wojtaszek,R (2749)-Radjabov,T (2710) Doha 2016}) 9. Bh4 {LiveBook: 3 Games} d5 {The position is equal.} 10. O-O Nxd4 11. Qxd4 dxc4 12. Qxc4 Bd7 13. Bf3 $146 ({Predecessor:} 13. Rfd1 Rac8 14. Qb3 Bc6 15. Rac1 Rfd8 {0-1 (81) Kim,A-Dubinin,A Ekaterinburg 2000}) 13... Qb6 14. Qe2 Bc6 15. Bxc6 Qxc6 16. Rac1 Rfc8 17. Rfd1 Qc4 18. Bg3 Qxe2 19. Nxe2 Ne4 20. Rxc8+ (20. Bc7 {seems wilder.} b6 21. h3 Bf6 22. b3 Bb2 23. Rc4) 20... Rxc8 21. Rd7 Rd8 22. Rxd8+ Bxd8 $11 {[%mdl 4096] Endgame KBN-KBN} 23. Be5 Bf6 24. Bxf6 Nxf6 {KN-KN} 25. Nc3 Kf8 26. Kf1 Ke7 27. Ke2 g5 28. h3 h5 29. Kd3 Nd7 30. h4 {Precision: White = 61%, Black = 63%.} (30. Kd4 $11) 1/2-1/2

[Event "3rd GRENKE Chess Open 2018"]
[Site "Karlsruhe"]
[Date "2018.04.02"]
[Round "9"]
[White "Philippe, Christophe"]
[Black "Kuljasevic, Davorin"]
[Result "0-1"]
[WhiteElo "2381"]
[BlackElo "2538"]
[Annotator "TA"]
[PlyCount "128"]
[EventDate "2018.??.??"]
[EventType "swiss"]
[EventCountry "GER"]
[SourceTitle "playchess.com"]
[Source "ChessBase"]
[SourceQuality "1"]

{[%evp 17,128,-12,-14,-19,-4,-18,-16,-14,-16,-16,4,0,0,-7,-11,-8,-6,-19,-18,-29,-28,-31,-14,-13,-12,-43,-31,-108,-16,-11,-8,-4,0,-28,-31,-43,-27,-59,-59,-65,-57,-57,-70,-68,-66,-78,-69,-57,-44,-60,-47,-61,-33,-49,-14,-64,-40,-56,-52,-146,-149,-147,-135,-124,-112,-120,-98,-124,-111,-134,-51,-73,0,0,0,0,0,-3,-9,-11,-13,-47,0,0,0,0,0,0,0,-16,0,0,0,0,0,0,0,0,0,0,0,0,0,-20,-10,-820,-785,-766,-68,-751,-745,-729,-697]} 1. d4 Nf6 2. Nf3 d5 3. e3 c5 4. Be2 Nc6 5. O-O Bg4 6. Nbd2 {D04: Colle System} e6 7. b3 cxd4 8. exd4 Be7 9. Bb2 O-O {LiveBook: 13 Games} 10. h3 Bh5 11. Ne5 Bxe2 12. Qxe2 Qb6 13. Ndf3 Rad8 $146 14. Rfe1 Nd7 15. Nd3 Bf6 {[%cal Rc6d4]} 16. c3 Rfe8 17. Nfe5 Ncxe5 18. dxe5 Be7 19. Qg4 Bf8 20. Nf4 f5 21. Qg3 Nc5 22. Nh5 (22. Qe3 $15) 22... Kh8 (22... Ne4 $17 23. Nf6+ Kf7 24. Nxe4 dxe4) 23. Ba3 $11 Rd7 24. Bxc5 Qxc5 25. Rad1 Rc7 $36 {[%mdl 2048] Black is pushing.} 26. Rd3 Qa3 27. Re2 Qc1+ 28. Kh2 Qh6 $1 {[%cal Rh6h5]} 29. Qf3 $1 b5 30. Re1 Rec8 31. Ng3 Bc5 32. Ne2 Kg8 33. g3 g5 34. Kg2 Qg6 35. Red1 Bf8 36. Qe3 f4 37. Qf3 fxg3 38. fxg3 (38. Qxg3 $15 Bc5 39. Nd4) 38... Rf7 $17 39. Qe3 Bc5 40. Nd4 Rcf8 {Strongly threatening ...Qe4+.} 41. R3d2 g4 {[#] And now ...Rf3! would win.} 42. hxg4 Qxg4 43. Rh1 Bxd4 (43... b4 $17 {aiming for ...bxc3.} 44. cxb4 Bxd4 45. Qxd4 Qf3+ 46. Kh2 Rf5) 44. Rxd4 $15 Rf2+ ({Black should try} 44... Qg6 $17 45. Rh6 Qc2+ 46. Rd2 Qb1) 45. Qxf2 $11 Rxf2+ 46. Kxf2 {[%mdl 4096] Endgame KQ-KRR} Qf5+ 47. Rf4 Qc2+ 48. Kf3 h5 ({Resist} 48... Qxc3+ 49. Kg2 $17) 49. Rf1 $1 Kg7 50. Rf2 Qxc3+ 51. Kg2 Qxe5 52. g4 $1 h4 {[#] White must now prevent ...Kh6.} 53. Kh3 d4 54. Kxh4 Kg6 (54... d3 $5 55. R4f3 $8 Qe1 $11) 55. g5 Qh8+ 56. Kg4 Qh5+ 57. Kg3 Qd1 {Hoping for ...d3.} 58. Kh4 Qh5+ 59. Kg3 d3 {[%cal Bd4d3,Bd3d2][%mdl 32] ...e5 is the strong threat.} 60. Rg4 Qh1 61. Rf6+ $2 {[%mdl 8192]} (61. Rd4 $11) 61... Kg7 $19 62. Rgf4 Qh5 $2 (62... d2 $19 {( -> ...Qe1+)} 63. Rf1 d1=Q 64. Rxd1 Qxd1 65. Rxe6 Qd5) 63. Rxe6 $2 {[%mdl 8192]} (63. Rg4 $15) 63... d2 64. Re7+ Kg8 {Precision: White = 40%, Black = 55%.} 0-1

[Event "3rd GRENKE Chess Open 2018"]
[Site "Karlsruhe"]
[Date "2018.04.02"]
[Round "9"]
[White "Lagunow, Raphael"]
[Black "Bellahcene, Bilel"]
[Result "1/2-1/2"]
[WhiteElo "2368"]
[BlackElo "2488"]
[Annotator "TA"]
[PlyCount "87"]
[EventDate "2018.??.??"]
[EventType "swiss"]
[EventCountry "GER"]
[SourceTitle "playchess.com"]
[Source "ChessBase"]
[SourceQuality "1"]

{[%evp 11,87,29,29,21,20,20,23,10,10,10,16,9,25,-9,0,-6,0,-3,9,-11,8,-23,0,0,0,-21,-7,-8,-6,-4,0,-19,-19,-20,0,0,0,-11,0,0,0,-13,-13,-13,-13,-13,-6,-13,-6,-14,-14,-14,-14,-6,-6,-19,65,49,42,58,58,56,56,58,65,39,20,31,98,84,100,94,104,0,86,0,105,0]} 1. Nf3 d5 2. g3 Nc6 3. d4 Bg4 4. Bg2 Qd7 5. h3 Bxf3 6. exf3 {D02: 1 d4 d5 2 Nf3 sidelines, including 2...Nf6 3 g3 and 2...Nf6 3 Bf4} (6. Bxf3 O-O-O 7. Nc3 e6 8. O-O h5 9. b4 Bxb4 10. Qd3 Nge7 11. Nb5 a6 12. a4 e5 13. Bg2 h4 {0-1 (32) Potkin,V (2625)-Popov,I (2650) Moscow 2014}) 6... Nf6 {LiveBook: 3 Games} 7. c3 e6 8. O-O {The position is equal.} Bd6 9. f4 h5 10. h4 $146 ({Find the theoretical novelty and annotate with similar games:} 10. Be3 Ne7 11. Nd2 Nf5 12. Qf3 O-O-O 13. c4 Bb4 {1-0 (54) Loncar,R (2430)-Jurkovic,H (2399) Kostrena 2002}) 10... Ne7 11. Nd2 Nf5 12. Bf3 c5 13. dxc5 Bxc5 {[#] Hoping for ...Nxg3.} 14. Kg2 Rc8 15. a4 a6 16. Qe2 g6 17. Rd1 O-O 18. Nf1 (18. b4 {NOTEXT} Ba7 19. Bb2 Qe7 20. a5 Rfd8 21. Rac1) 18... Qc7 (18... Rfe8 {NOTEXT} 19. Rd3 Qc7 20. Ne3 Nd6 21. Nc2 Nc4) 19. Be3 Nxe3+ 20. Nxe3 Rfe8 21. Re1 Red8 22. Red1 Rd6 23. Nc2 {[%cal Be3c2,Bc2e1,Be1d3,Bd3e5][%mdl 32]} Ba7 24. Ne1 Rdd8 25. Nd3 Qc4 26. Ne5 (26. Qe1 {NOTEXT} Nd7 27. a5 Qc7 28. Qe2 Kg7 29. Kg1) 26... Qxe2 27. Bxe2 Ne4 28. Nd3 Kf8 29. Bf3 Ke7 30. Kf1 Nd6 31. Ne5 Rc7 32. Rd2 Rb8 33. Re1 Kf8 (33... Kf6 $11) 34. Nxg6+ $1 $14 fxg6 35. Rxe6 Nc4 36. Rxd5 Kf7 37. f5 gxf5 38. Rh6 Kg7 39. Rxh5 Rf8 (39... Nxb2 $14 40. Rdxf5 Rf7) 40. b3 {[%mdl 1024] White has strong compensation.} ({Weaker is} 40. Rdxf5 Rxf5 41. Rxf5 Nxb2 $17) 40... Nb6 41. Rg5+ Kh8 42. Rh5+ Kg7 $1 43. Rg5+ Kh8 44. Rh5+ {Precision: White = 49%, Black = 44%.} (44. Re5 $16) 1/2-1/2

[Event "3rd GRENKE Chess Open 2018"]
[Site "Karlsruhe"]
[Date "2018.04.02"]
[Round "9"]
[White "Baenziger, Fabian"]
[Black "Bindrich, Falko"]
[Result "1/2-1/2"]
[WhiteElo "2365"]
[BlackElo "2602"]
[Annotator "TA"]
[PlyCount "138"]
[EventDate "2018.??.??"]
[EventType "swiss"]
[EventCountry "GER"]
[SourceTitle "playchess.com"]
[Source "ChessBase"]
[SourceQuality "1"]

{[%evp 16,138,24,17,0,0,1,0,0,-10,-6,0,0,0,-13,-10,-12,-6,-13,-3,-12,-14,2,-6,6,9,48,68,83,0,88,88,88,88,88,81,76,6,6,4,8,4,19,6,6,5,7,4,7,0,0,0,6,0,1,0,0,0,0,0,0,0,0,0,0,0,0,0,0,0,0,0,0,0,0,0,0,0,0,0,0,0,0,0,0,0,0,0,0,0,0,0,0,0,0,0,0,0,0,0,0,0,0,0,0,0,0,0,0,0,0,0,0,0,0,0,0,0,0,0,0,0,0,0,0]} 1. d4 d5 2. c4 e6 3. Nf3 Nf6 4. g3 Bb4+ 5. Bd2 Bd6 (5... Be7 6. Bg2 O-O 7. O-O Nbd7 8. Qc2 c6 9. Rc1 b6 10. cxd5 cxd5 11. Bf4 Bb7 12. Qb3 Rc8 13. Rxc8 Qxc8 14. Nc3 Nh5 15. Bg5 Bxg5 16. Nxg5 Qb8 {½-½ (36) Karjakin,S (2753)-Wei,Y (2743) Wijk aan Zee 2018}) 6. Bg2 {E01: Catalan: Early deviations} O-O 7. O-O c6 8. Qc2 Nbd7 9. Bc3 {LiveBook: 3 Games} dxc4 10. a4 Rb8 11. e4 {[#] aiming for e5.} Be7 12. a5 $146 ({Predecessor:} 12. Ne5 Nxe5 13. dxe5 {0-1 (30) Darnell,A (1979)-Kashlinskaya,A (2462) Gibraltar 2016}) 12... b5 13. axb6 $1 axb6 14. Nbd2 b5 {[%cal Bb6b5,Bb5b4][%mdl 32] [#] White must now prevent ...b4.} 15. Ba5 Qe8 16. b3 cxb3 17. Nxb3 Bb7 18. Ne1 b4 19. Nd3 $36 {[%mdl 2048] White is more active.} Ba6 20. Rfc1 Bxd3 21. Qxd3 Rc8 22. Qd2 ({White should play} 22. Qc4 $16) 22... e5 (22... c5 $11 {keeps the balance.}) 23. Bxb4 Bxb4 24. Qxb4 exd4 25. Qxd4 Qe7 26. e5 (26. Qc4 $16) 26... Qxe5 $11 {The position is equal.} 27. Rxc6 Qe2 28. Qd2 Qh5 29. Rxc8 Rxc8 30. Rc1 Rxc1+ 31. Nxc1 g6 32. Qe2 Qa5 33. Nd3 Qa1+ 34. Qe1 Qd4 35. Qe2 h5 36. Bf3 Qc3 37. Kg2 Kg7 38. h4 Qd4 39. Bc6 Nb6 40. Qb2 Qd8 41. Nf4 Qc7 42. Bf3 Nbd7 43. Nd5 (43. Nd3 {feels hotter.} Qc4 44. Nb4 Qe6 45. Nc6 Nc5 46. Qd4) 43... Qd6 44. Nxf6 (44. Qb4 {with more complications.} Qc5 45. Qc3 Qd6 46. Nxf6 Nxf6 47. Kh2) 44... Nxf6 45. Qa1 Qe6 46. Qd4 Qf5 47. Qb2 Kh7 48. Qb3 Ng8 49. Bd5 Nh6 50. Qf3 Qd7 51. Bc6 Qd4 52. Qd5 Qb2 53. Qf3 Kg7 54. Bd5 Nf5 55. Kh2 Qe5 56. Kg2 Qd4 57. Be4 Nd6 58. Bc6 Qb2 59. Qf4 Nf5 60. Be4 Ne7 61. Qd6 Ng8 62. Bf3 Nh6 63. Qf4 Qc3 64. Bd5 Qc5 65. Bf3 Qe7 66. Qd4+ Kg8 67. Qe4 Qf6 68. Qc6 Kg7 69. Qxf6+ Kxf6 {Precision: White = 61%, Black = 79%.} 1/2-1/2

[Event "3rd GRENKE Chess Open 2018"]
[Site "Karlsruhe"]
[Date "2018.04.02"]
[Round "9"]
[White "Fries-Nielsen, Jens Ove"]
[Black "Pavlovic, Milos"]
[Result "0-1"]
[WhiteElo "2358"]
[BlackElo "2471"]
[Annotator "TA"]
[PlyCount "86"]
[EventDate "2018.??.??"]
[EventType "swiss"]
[EventCountry "GER"]
[SourceTitle "playchess.com"]
[Source "ChessBase"]
[SourceQuality "1"]

{[%evp 9,86,0,0,0,22,-4,26,17,22,12,27,11,27,11,10,0,12,-49,-45,-87,-68,-108,-100,-162,-162,-162,-181,-235,-227,-231,-236,-298,-285,-327,-185,-261,-146,-216,-167,-168,-166,-220,-214,-224,-192,-183,-164,-234,-171,-212,-207,-217,-216,-391,-382,-375,-382,-389,-373,-388,-400,-425,-405,-389,-390,-389,-400,-417,-407,-468,-468,-472,-466,-472,-453,-470,-454,-757,-553]} 1. d4 d5 2. Nc3 Nf6 3. Bf4 e6 4. e3 Bd6 (4... Bb4 5. Nge2 Nh5 6. a3 Be7 7. Be5 Nd7 8. g4 Nhf6 9. Bf4 O-O 10. Ng3 c5 11. g5 Ne8 12. h4 {1-0 (47) Rapport,R (2698)-Grischuk,A (2750) chess.com INT 2017}) 5. g4 Bxf4 6. exf4 {D00: 1 d4 d5: Unusual lines} Qd6 $146 ({Predecessor:} 6... Nc6 7. Bg2 Qd6 8. g5 Ng8 9. Qd2 a6 10. Nf3 Nge7 11. O-O-O Bd7 12. Ne5 Nxe5 13. fxe5 {0-1 (30) Sutkovic,D (2320)-Kosic,D (2482) Sarajevo 2015}) 7. Qf3 c5 8. dxc5 {White has an edge.} Qxc5 9. g5 Nfd7 10. Bd3 Nc6 {[%cal Bb8c6,Bc6b4,Bb4d3][%mdl 32]} 11. Nge2 Nb6 12. a3 Bd7 13. b4 (13. O-O-O $11) 13... Qe7 $15 14. Nb5 {Strongly threatening Nc7+.} O-O {...e5 is the strong threat.} 15. Qe3 {[#]} Nxb4 $1 {[%mdl 512]} 16. Nbd4 (16. axb4 $17 Bxb5 17. Qc5 Qxc5 18. bxc5 Bxd3 19. cxd3) 16... Nxd3+ $19 17. cxd3 Rae8 18. h4 (18. Rb1 {was worth a try.}) 18... f6 19. gxf6 gxf6 ({Don't take} 19... Qxf6 20. Qe5 $17) 20. Rg1+ Kh8 21. Nf3 Na4 (21... e5 $142 22. fxe5 fxe5) 22. h5 (22. Kf1 $142) 22... Nc5 ({Black should try} 22... e5 $19 {Threatens to win with ...d4.} 23. d4 e4) 23. h6 (23. Rc1 $17 Rc8 24. h6) 23... Rg8 24. Rxg8+ Rxg8 25. Ng3 (25. Ne5 {is a better defense.}) 25... Bb5 26. Rd1 Qd6 27. Nh5 Rg6 28. Qd4 (28. Ng3 {keeps fighting.}) 28... Qe7 ({Not} 28... Rxh6 29. Nxf6 Nb3 30. Qc3 $15) 29. a4 Bc6 ({But not} 29... Bxa4 30. Rc1 $17) 30. Ke2 Rxh6 31. Rh1 $2 {[#]} (31. Ng3 {was the only chance.}) 31... Be8 32. Ng3 Rxh1 33. Nxh1 Bg6 34. Ne1 b6 35. Ng3 Kg7 36. Kf1 Qd6 37. f5 exf5 {[%cal Be6f5,Bf5f4][%mdl 32]} 38. Ne2 Ne6 39. Qh4 f4 {Black is clearly winning.} 40. d4 Qc7 41. Qg4 Kf7 42. Kg1 h5 43. Qh4 (43. Qf3 $142 Qd6 44. Qc3) 43... Qc4 {Precision: White = 27%, Black = 76%.} 0-1

[Event "3rd GRENKE Chess Open 2018"]
[Site "Karlsruhe"]
[Date "2018.04.02"]
[Round "9"]
[White "Keinanen, Toivo"]
[Black "Burmakin, Vladimir"]
[Result "0-1"]
[WhiteElo "2358"]
[BlackElo "2522"]
[Annotator "TA"]
[PlyCount "80"]
[EventDate "2018.??.??"]
[EventType "swiss"]
[EventCountry "GER"]
[SourceTitle "playchess.com"]
[Source "ChessBase"]
[SourceQuality "1"]

{[%evp 23,79,0,0,-24,-22,-44,-41,-39,-15,-17,-15,-24,-16,-27,-17,-16,-20,-23,-11,-7,0,0,0,0,0,-50,-50,-47,-39,-62,-50,-162,-45,-456,-470,-358,-347,-599,-585,-567,-561,-830,-831,-1191,-1164,-1114,-1132,-1051,-1050,-29986,-29987,-29989,-6538,-5731,-497,-5502,-2788,-29999]} 1. d4 Nf6 2. c4 c6 3. Nf3 d5 4. cxd5 cxd5 5. Nc3 e6 6. e3 a6 7. Bd3 b5 8. Ne5 Bd6 9. f4 Nbd7 10. O-O Bb7 11. Bd2 {D15: Slav Defence: 4 Nc3 a6 and gambit lines after 4 Nc3 dxc4} O-O 12. Be1 (12. Qe2 Ne4 13. a4 Nxd2 14. Qxd2 b4 15. Na2 Nf6 16. Qe1 a5 17. Nc1 Ne4 {½-½ (17) Jussupow,A (2607)-Milov,V (2659) Switzerland 2007}) 12... Ne4 {LiveBook: 11 Games} 13. Nxd7 {The position is equal.} (13. Qf3 {looks sharper.} f5 14. a3 Qe7 15. Qh3 Qe8 16. Nxe4 dxe4 17. Be2) 13... Qxd7 14. Nxe4 dxe4 15. Be2 $146 ({Predecessor:} 15. Bc2 Bd5 16. g4 Rac8 17. Rf2 Rc6 18. Bb3 Rfc8 {½-½ (41) Avni,A (2370)-Porper,E (2395) Ramat Gan 1992}) 15... Bd5 16. Ba5 Rfc8 17. Qd2 Rc6 18. a3 Rac8 19. Rfc1 h6 20. Bb4 g5 {White should prevent ...Rxc1+.} 21. g3 gxf4 (21... Kh7 {feels hotter.} 22. Rxc6 Bxb4 23. axb4 Qxc6 24. Bd1 f5) 22. gxf4 Kh7 23. Rxc6 Qxc6 24. Kf2 Bxb4 25. axb4 Qc2 $36 {[%mdl 2048] Black fights for an advantage.} 26. Ke1 $1 Qc7 $1 27. Kf1 (27. Kf2 $15) 27... Qe7 (27... Rg8 $1 $19 28. Qe1 (28. Rxa6 f5 $15) 28... f5) 28. Rc1 $2 {[%mdl 8192]} ({Don't go for} 28. Rxa6 $2 Qh4 $17) (28. Kg1 $15) 28... Rg8 $1 $19 {Threatens to win with ...Qh4.} 29. Qe1 {[#]} e5 $1 {[%mdl 512]} 30. fxe5 $2 {[#]} ({But not} 30. dxe5 $2 Be6 $19) (30. Qf2 {was the only chance.} exd4 31. Rc5) 30... Be6 $1 {[%cal Re6h3] ( -> ...Bh3+)} 31. Qf2 {With the idea Rc5.} Rg5 32. Ke1 Qxb4+ 33. Rc3 Qxb2 34. Rc7 Qb4+ 35. Kd1 Bb3+ 36. Kc1 Qa3+ 37. Kd2 Qa2+ (37... Qa5+ $142 38. Kc1 Qxc7+ 39. Bc4 Qxc4+ 40. Kb2 b4 41. Qxf7+ Qxf7 42. e6 Bxe6 43. d5 Bxd5 44. h4 Rg2+ 45. Kc1 Qf1#) 38. Kc3 Qc2+ 39. Kb4 {[#]} a5+ $1 {[%mdl 512]} 40. Ka3 (40. Kxa5 Qxc7+) 40... b4# {Precision: White = 40%, Black = 70%.} 0-1